000 00566nam a2200217Ia 4500
003 OSt
005 20220925232946.0
006 a|||||r|||| 00| 0
007 ta
008 220923b |||||||| |||| 00| 0 eng d
037 _cGeneral Book
040 _aRTL
_cRTL
_beng
041 _2eng
_aeng
082 _az491aN5, J6
100 _aWilber Donald n
_9298028
245 0 _aAnnotated Bibliography Of Afganistan
260 _aN.Hevan
_c1956
300 _a220p
_ccm.
942 _hz491aN5, J6
_cGB
_2CC
999 _c592550
_d592550